criminal minds: actors by movies & TV - Statistics

General Stats
  • This quiz has been taken 163 times
  • The average score is 7 of 12
Answer Stats
movies& TV Actor % Correct
Sonic the hedgehog, SWAT Shemar Moore
96%
Alvin and the chipmunks franchise, 500 days of summer Matthew Gray Gubler
92%
Higher ground, law and order SVU AJ Cook
72%
Friends, two and a half men, Law and order SVU, Modern family Paget Brewster
66%
eyes wide shut, two and a half men, shadow wolves Thomas Gibson
64%
The Princess bride, Smurfs the lost village, Wonder, Homeland Mandy Patinkin
56%
The simpsons, Cars 2, Elvis and Annabelle, Frasier, Kim Possible Joe Mantegna
53%
Criminal minds suspect behaviour Kirsten Vangsness
46%
The Sopranos, ER, Law and order SVU, Unforgettable, Agents of shield Lola Glaudini
34%
The santa Clause, Bedtime stories, Friends, Nip/Tuck, 24, Ghost Whisperer, Glee Aisha Tyler
30%
Big hero 6, Wolverine, Hawaii five-o Daniel Henney
27%
Sliding Doors, Waterworld, Big love, Relative Values, New girl, The Gilded Age Jeanne Tripplehorn,
22%
No matching quizzes found
Score Distribution
Percent of People with Each Score
Percentile by Number Answered
Your Score History
You have not taken this quiz